Backslide - Twenty One Pilots Lyrics - Statistics

General Stats
  • This quiz has been taken 158 times
  • The average score is 284 of 346
Answer Stats
Lyrics % Correct
Do
99%
(I
99%
I
99%
backslide
98%
don't
98%
don't
98%
wanna)
96%
wanna
96%
a
94%
to
94%
you
93%
You
93%
be
92%
no
92%
it
90%
head
89%
it's
89%
It's
89%
me
89%
me)
89%
my
89%
on
89%
over
89%
from
88%
if
88%
If
88%
should
88%
the
88%
where
88%
go?
87%
go
87%
Take
87%
take
87%
time
87%
again
86%
one
86%
better
84%
feel
84%
let
84%
in
83%
more
83%
this
83%
have
82%
loved
82%
repeat,
82%
that
82%
think
82%
What
82%
what
82%
chance
81%
could
81%
for
81%
'Cause
80%
line
80%
started
80%
above
78%
enough
78%
Now
78%
should've
78%
There's
78%
throw
78%
care,
77%
I'll
77%
mind
77%
water's
77%
anything
76%
now's
76%
place
76%
place,
76%
anywhere
75%
anywhere)
75%
Reach
75%
will
75%
control
73%
Rat
73%
I've
72%
pull,
72%
shake
72%
lonely
71%
lonely)
71%
race,
71%
did
70%
Did
70%
fair
70%
fair)
70%
hand
70%
shoe
70%
with
70%
your
70%
lace
69%
way,
67%
innit?
66%
Tendencies
66%
tide
66%
I'm
65%
Saturday
65%
Strength
65%
adding
64%
all
64%
dollar
64%
"Is
64%
of
64%
asking,
63%
Benefit
63%
but
63%
good?
63%
hundred
63%
Leading
63%
(Leading
63%
Thanks
63%
never
61%
seat
61%
weight
61%
change
60%
crease
60%
Kinda
60%
see
60%
problems?"
59%
solve
58%
Are
57%
yesterday
57%
doin'
55%
new
55%
can't
54%
used
52%
wishin'
52%
stain?
51%
uncovered
49%
champion
47%
Accidentally
46%
drowning
46%
world
46%
under
45%
Bad
43%
happened
43%
logistics
43%
rug?
42%
bass
40%
brushed
37%
No matching quizzes found
Score Distribution
Percent of People with Each Score
Percentile by Number Answered
Your Score History
You have not taken this quiz